Dvoje Vianoce

Bibliographic Details
Main Author: Kaeseberg (Author)
Format: Article
Language:Slovak
Subjects:

MARC

LEADER 00000nab a22000001a 4500
001 vtls009007573
003 SK-MaSNL
005 20260303065448.0
008 070716d192311 xo |r|p|||| |000 b|slo
015 |a SNBRRBVU1918-1938 
038 |a SNKBUCL 
038 |a SNKBUVU 
040 |a SNKBUVU  |b slo  |c SNKBUCL  |e AACR2 
041 0 |a slo 
044 |a xo  |c SK 
080 |a 75.05:741/744  |2 1997 
100 1 |a Kaeseberg  |4 aut  |9 1065547 
245 1 0 |a Dvoje Vianoce  |c Kaeseberg 
650 0 7 |a kresby  |2 MM  |9 30084 
655 7 |a reprodukcie výtvarných diel  |2 MM  |9 310790 
773 0 |t Hlasy z katolíckych misií  |g Roč. 9, č. 11 (1923), s. 198 
852 |a SNK  |b KIS3GCP 
910 |a snkrbvumm 
958 |a VY 
999 |c 1751278  |d 1753208